Caricamento...

Ruckblick zum Mauerwald

Dettagli Bibliografici
Autore principale: Leyen, Ferdinand Prinz
Natura: Printed Book
Pubblicazione: Munchen Biederstein Verlag 1965
LEADER 00419nam a22001217a 4500
082 |a 355.10943  |b LEY 
100 |a Leyen, Ferdinand Prinz 
245 |a Ruckblick zum Mauerwald 
246 |a Looking back to the Mauerwald 
260 |a Munchen  |b Biederstein Verlag  |c 1965 
942 |c BK 
999 |c 314112  |d 314112 
952 |0 0  |1 0  |4 0  |6 355_109430000000000_LEY  |7 0  |9 335893  |a GER  |b GER  |d 2020-11-25  |l 0  |o 355.10943 LEY  |p GER6001  |r 2020-11-25  |w 2020-11-25  |y BK